01643nam a22003977a 4500003000500000005001700005008004100022010000900063011000900072035000900081040000900090090001000099100004100109245018500150260004000335300000900375502008100384590003700465590004100502590004100543590004100584590004200625650006000667650002400727650003700751650002800788650003100816650002800847901000700875942000900882949004100891949004600932999001500978952012500993952012701118CHAP20220817041201.0971013s1993 r 00010 d a8109 a9081 a8315 cCHAP aTesis00aGonzález Lastra, Heliodoro.949092 aUso de semillas mejoradas como alternativa para la substitución de frijol variedad ojo de cabra, en el Distrito de Desarrollo Rural 06 Cuauhtemoc delegación Chihuahua, S.A.R.H. aChapingo, Méx. :bEl autor,c1993 a53 h aTesis (Ing. Agr. Esp. en Zonas Aridas) -- UACH. Departamento de Zonas Aridas aALEPHb10c20130110lUCH01h1221 aBATCH-UPDb10c20130110lUCH01h1428 aBATCH-UPDb10c20130410lUCH01h0906 aBATCH-UPDb10c20130914lUCH01h1218 aCONVERSIONb10c20130109lUCH01h130614aDistrito de Desarrollo Rural Cuauhtémoc, Chih.93277614aFenología.94004314aFrijolxEfecto del clima.94336414aFrijolxSemilla.94343314aFrijolxVariedades.94344614aSemillasxMejoramiento. aBK cFOLL bBCcTESd-18495eTS1h26409i8315si bBCcTESd-18496eTS2fc.2h26410i8315si c8109d8109 00102local4053708TESISaBCbBCcPA_TESISd2019-12-31fTESISl0p-18496r2019-12-31 00:00:00tc.2w2019-12-31yTESIS 00102local4051708TESISaBCbBCcPA_TESISd2019-12-31fTESISl0oTesisp-18495r2019-12-31 00:00:00w2019-12-31yTESIS